<?xml version="1.0" encoding="UTF-8"?>
<record
    xmlns:xsi="http://www.w3.org/2001/XMLSchema-instance"
    xsi:schemaLocation="http://www.loc.gov/MARC21/slim http://www.loc.gov/standards/marcxml/schema/MARC21slim.xsd"
    xmlns="http://www.loc.gov/MARC21/slim">

  <leader>01756nam a2200289Ia 4500</leader>
  <controlfield tag="001">114052</controlfield>
  <controlfield tag="003">DR-UNIBE</controlfield>
  <controlfield tag="005">20250825131903.0</controlfield>
  <controlfield tag="008">250825b2025    xxu||||| |||| 00| 0 eng d</controlfield>
  <datafield tag="020" ind1=" " ind2=" ">
    <subfield code="a">9781292468723</subfield>
  </datafield>
  <datafield tag="040" ind1=" " ind2=" ">
    <subfield code="a">BIBLIOTECA UNIBE</subfield>
    <subfield code="c">BIBLIOTECA UNIBE</subfield>
    <subfield code="e">rda</subfield>
  </datafield>
  <datafield tag="041" ind1=" " ind2=" ">
    <subfield code="a">eng</subfield>
  </datafield>
  <datafield tag="082" ind1="0" ind2=" ">
    <subfield code="a">370.15 W913e 2025</subfield>
  </datafield>
  <datafield tag="100" ind1="1" ind2="0">
    <subfield code="a">Woolfolk, Anita E.</subfield>
    <subfield code="9">60399</subfield>
    <subfield code="e">autor</subfield>
  </datafield>
  <datafield tag="245" ind1="1" ind2="0">
    <subfield code="a">Educational psychology : </subfield>
    <subfield code="b">active learning edition /</subfield>
    <subfield code="c">Anita E. Woolfolk, Ellen L. Usher</subfield>
  </datafield>
  <datafield tag="250" ind1="4" ind2=" ">
    <subfield code="a">Decimoquinta edici&#xF3;n.</subfield>
    <subfield code="b">Edici&#xF3;n global</subfield>
  </datafield>
  <datafield tag="260" ind1="4" ind2=" ">
    <subfield code="a">Harlow : </subfield>
    <subfield code="b">Pearson Education,</subfield>
    <subfield code="c">2023, 2025</subfield>
  </datafield>
  <datafield tag="300" ind1=" " ind2=" ">
    <subfield code="a">870 p&#xE1;ginas  : </subfield>
    <subfield code="b">ilustraciones</subfield>
  </datafield>
  <datafield tag="505" ind1=" " ind2=" ">
    <subfield code="a">PART I: SETTING THE STAGE |
Learning, teaching, and educational psychology |
Who are you? who are your students? culture and diversity |
PART II: DEVELOPMENT: SIMILARITIES AND DIFFERENCES |
Cognitive development |
The self, social, and moral development |
Learner differences and learning needs |
Language development, language diversity, and immigrant education |
PART III: LEARNING AND MOTIVATION |
Behavioral views of learning |
Cognitive views of learning |
Complex cognitive processes |
Constructivism and interactive learning |
social cognitive views of learning and motivation |
Motivation in learning and teaching |
PART IV: TEACHING AND ASSESSING |
Creating supportive learning environments |
Teaching every student |
Classroom assessment, grading, and standardized testing |
</subfield>
  </datafield>
  <datafield tag="650" ind1=" " ind2="7">
    <subfield code="a">Psicopedagog&#xED;a</subfield>
    <subfield code="9">62143</subfield>
    <subfield code="2">lemb</subfield>
  </datafield>
  <datafield tag="650" ind1=" " ind2="7">
    <subfield code="a">Psicolog&#xED;a del aprendizaje</subfield>
    <subfield code="9">62144</subfield>
    <subfield code="2">lemb</subfield>
  </datafield>
  <datafield tag="650" ind1=" " ind2="7">
    <subfield code="a">Cognici&#xF3;n</subfield>
    <subfield code="9">2436</subfield>
    <subfield code="2">lemb</subfield>
  </datafield>
  <datafield tag="650" ind1=" " ind2="7">
    <subfield code="a">Adquisici&#xF3;n del lenguaje</subfield>
    <subfield code="9">2154</subfield>
    <subfield code="2">lemb</subfield>
  </datafield>
  <datafield tag="700" ind1=" " ind2=" ">
    <subfield code="a">Usher, Ellen L. </subfield>
    <subfield code="e">autor</subfield>
    <subfield code="9">198648</subfield>
  </datafield>
  <datafield tag="942" ind1=" " ind2=" ">
    <subfield code="c">BK</subfield>
    <subfield code="2">ddc</subfield>
  </datafield>
  <datafield tag="951" ind1=" " ind2=" ">
    <subfield code="a">20061022 10:18:00</subfield>
  </datafield>
  <datafield tag="999" ind1=" " ind2=" ">
    <subfield code="c">114052</subfield>
    <subfield code="d">114052</subfield>
  </datafield>
  <datafield tag="952" ind1=" " ind2=" ">
    <subfield code="0">0</subfield>
    <subfield code="1">0</subfield>
    <subfield code="2">ddc</subfield>
    <subfield code="7">0</subfield>
    <subfield code="8">RES</subfield>
    <subfield code="a">Principal</subfield>
    <subfield code="c">NEW</subfield>
    <subfield code="d">2025-08-25</subfield>
    <subfield code="l">0</subfield>
    <subfield code="o">370.15 W913e 2025</subfield>
    <subfield code="p">250992</subfield>
    <subfield code="r">2025-08-25 13:19:51</subfield>
    <subfield code="t">Ej. 1</subfield>
    <subfield code="w">2025-08-25</subfield>
    <subfield code="y">BK</subfield>
  </datafield>
</record>
